000 00282nam a2200121Ia 4500
008 191201s2019 xx 000 0 und d
100 _aROGERS, Gordon
245 0 _aWater Resources Engineering
260 _aN. Delhi
_bTMH
300 _a841
650 _aB.Tech(CE)
942 _2ddc
_cBK
999 _c6298
_d6298